00818pam a2200241 a 4500001000500000005001700005020001500022040002300037050001200060082000800072100004300080245007200123250004300195260003500238300004700273505000800320520012200328521002000450521002000470650003400490650002000524700003200544286520260327120952.0 a0590446762 aDLCcDLCdDLCbeng00aPZ7.C1200a5111 aCaines, Jeannettedapproximately 1937-10aJust us women /cby Jeannette Caines ; illustrated by Pat Cummings. aFirst Scholastic printing , April 1991 aNew York :bScholastic .c1982 a32 pages : bcolor illustrations ;c21 cm. aK  aA young girl and her favorite aunt share the excitement of planning a very special car trip for just the two of them. a520 bLexile  aK bRaz-Plus  1aVoyages and travelsxFiction. 1aAuntsxFiction.1 aCummings, Pateillustrator